Port Louis: An Archaeological and Historical Survey of the First Capital of the Falkland Islands

Saved in:

Main Author: Philpott, Robert A. (Author)

Other Authors: Barker, David (Contributor), Mould, Quita (Contributor)

Format: Book

Published: Oxford Archaeopress Publishing Ltd 2025

Tags: Add Tag

No Tags, Be the first to tag this record!

Call Number:

LEADER 00793namaa2200193 4500
001 9781805830023
003 UkOxAP
005 20260405155017.0
020 |a 9781805830030 
776 1 |x 9781805830023 
245 0 0 |a Port Louis: An Archaeological and Historical Survey of the First Capital of the Falkland Islands 
100 1 |a Philpott, Robert A.  |e Author  |l English 
700 1 |a Barker, David  |e Contributor  |l English 
700 1 |a Mould, Quita  |e Contributor  |l English 
856 4 2 |a http://library.arce.org:8087/Archaeopress/Products/9781805830030 
260 |a Oxford  |b Archaeopress Publishing Ltd  |c 2025 
270 |a Archaeopress Publishing Ltd, Summertown Pavillion, 18 -24 Middle Way, Summertown  |b Oxford  |d United Kingdom  |e OX2 7LG  |k 44-1865-311914  |m info@archaeopress.com 
942 |2 lcc  |c EBOOK 
999 |c 62091  |d 62091